| 000 | 00524nam a2200181Ia 4500 | ||
|---|---|---|---|
| 005 | 20250326123426.0 | ||
| 008 | 250326s9999 xx 000 0 und d | ||
| 037 | _aTextbook | ||
| 040 |
_aFMSL _beng _cFMSL |
||
| 041 |
_aeng _2eng |
||
| 084 |
_aX72 M01 _qFMSL |
||
| 100 |
_aRadian A _9735113 |
||
| 245 | 0 |
_aResource mobilization in poor countries : implementing tax policies _cRadian A |
|
| 260 |
_aLondon _bLondon, Transaction _c1980 |
||
| 300 | _a230p | ||
| 942 |
_cTB _hX72 M01 |
||
| 999 |
_c1269313 _d1269313 |
||